[Event "IV Festival Terre degli Elimi A"]
[Site "Erice ITA"]
[Date "2013.07.28"]
[Round "7"]
[White "Paragliola, Gennaro"]
[Black "Fontana, Giulio"]
[WhiteElo "1529"]
[BlackElo "1774"]
[Result "0-1"]
[PlyCount "72"]
[EventDate "2013.07.24"]

1. d4 e6 2. c4 d5 3. Nc3 Nf6 4. Bg5 Nbd7 5. e3 c6 6. Nf3 a6 7. Bd3 Be7 8. O-O
dxc4 9. Bxc4 b5 10. Bd3 c5 11. Rc1 c4 12. Bb1 Bb7 13. e4 Rc8 14. Re1 h6 15. Bh4
O-O 16. Qc2 g6 17. e5 Nd5 18. Bxe7 Nxe7 19. Ne4 Nf5 20. Qd2 Kg7 21. Qf4 Qe7 22.
Qg4 Nb6 23. Qh3 h5 24. Nf6 Nd5 25. g4 Nf4 26. Qf1 hxg4 27. Ng5 Bg2 28. Qxg2
Nxg2 29. Kxg2 Nxd4 30. Re4 Nf3 31. Rxg4 Nxg5 32. Rxg5 Qb4 33. Rc3 Qxb2 34. Rh3
Rh8 35. Nh5+ Rxh5 36. Rhxh5 Qxb1 0-1

[Event "IV Festival Terre degli Elimi A"]
[Site "Erice ITA"]
[Date "2013.07.28"]
[Round "7"]
[White "Parrinello, Marco"]
[Black "Lo Bosco, Salvatore"]
[WhiteElo "1569"]
[BlackElo "1720"]
[Result "1-0"]
[PlyCount "85"]
[EventDate "2013.07.24"]

1. e4 c5 2. Nf3 d6 3. d4 cxd4 4. Nxd4 a6 5. a4 Qc7 6. Nc3 e6 7. Bd3 Nf6 8. O-O
Nc6 9. Nf3 b6 10. Bf4 Nh5 11. Be3 Nf6 12. Qe2 Be7 13. Ra3 Ng4 14. Bd2 Bb7 15.
h3 Nge5 16. Be3 Nxd3 17. cxd3 Na5 18. Rc1 Qd8 19. b4 Nc6 20. b5 Ne5 21. Nxe5
dxe5 22. Rb3 a5 23. Nd1 Bb4 24. Nb2 Rb8 25. Nc4 Ba8 26. Nxe5 O-O 27. Nc4 Re8
28. f3 Be7 29. Qf2 Bc5 30. Bxc5 bxc5 31. Qxc5 Rc8 32. Qe3 Qc7 33. Rbc3 Qd8 34.
Qb6 Qg5 35. Qxa5 f5 36. Qb4 fxe4 37. dxe4 Rf8 38. Rf1 Rf4 39. Nb6 Rd8 40. Nxa8
Rxa8 41. b6 Rh4 42. b7 Rb8 43. Rc8+ 1-0

[Event "IV Festival Terre degli Elimi A"]
[Site "Erice ITA"]
[Date "2013.07.28"]
[Round "7"]
[White "Piazza, Dario"]
[Black "Castelli, Giovanni J."]
[WhiteElo "1881"]
[BlackElo "1832"]
[Result "1-0"]
[PlyCount "43"]
[EventDate "2013.07.24"]

1. e4 e5 2. Nf3 Nc6 3. d4 exd4 4. Bc4 Nf6 5. O-O Bc5 6. e5 d5 7. exf6 dxc4 8.
Re1+ Be6 9. Ng5 Qd5 10. Nc3 Qf5 11. g4 Qg6 12. Nce4 Bb6 13. f4 O-O-O 14. f5
Bxf5 15. gxf5 Qxf5 16. Kh1 Qd5 17. Qf3 Ne5 18. Qf5+ Kb8 19. fxg7 Rhg8 20. Bf4
Ng6 21. Qxd5 Rxd5 22. Nf6 1-0

[Event "IV Festival Terre degli Elimi A"]
[Site "Erice ITA"]
[Date "2013.07.28"]
[Round "7"]
[White "Przezdziecka, Marta"]
[Black "Groenewold, Jan Joris"]
[WhiteElo "2297"]
[BlackElo "2175"]
[Result "1-0"]
[PlyCount "53"]
[EventDate "2013.07.24"]

1. Nf3 f5 2. d4 Nf6 3. g3 g6 4. c4 Bg7 5. b4 Ne4 6. Nbd2 c5 7. bxc5 Qa5 8. Bb2
Nxc5 9. Bg2 Nc6 10. O-O Na4 11. Qc1 Nxb2 12. Qxb2 O-O 13. Nb3 Qc7 14. Rac1 Rb8
15. Qa3 b5 16. cxb5 Rxb5 17. Qxe7 Qb6 18. Qa3 Nb4 19. e3 d6 20. Nfd2 Qa6 21.
Qxa6 Bxa6 22. Rc7 Rb6 23. Ra1 Rf7 24. Rc3 Rd7 25. a3 Nd3 26. Rb1 d5 27. Bf1 1-0

[Event "IV Festival Terre degli Elimi A"]
[Site "Erice ITA"]
[Date "2013.07.28"]
[Round "7"]
[White "Schlee, Ulrich"]
[Black "Rosolia, Giuseppe"]
[WhiteElo "1802"]
[BlackElo "1801"]
[Result "1-0"]
[PlyCount "51"]
[EventDate "2013.07.24"]

1. e4 e5 2. Nf3 d6 3. d4 Nd7 4. Bc4 c6 5. O-O Be7 6. dxe5 dxe5 7. Ng5 Bxg5 8.
Qh5 Qe7 9. Qxg5 Ngf6 10. Nc3 b5 11. Bd3 Nc5 12. Be3 Nxd3 13. cxd3 O-O 14. f4
Re8 15. fxe5 Ng4 16. d4 Nxe3 17. Qxe3 Be6 18. d5 Bd7 19. Qf4 b4 20. d6 Qe6 21.
Na4 Rad8 22. Nc5 Qc4 23. Rac1 Qd4+ 24. Kh1 Rf8 25. Nxd7 Rxd7 26. e6 1-0

[Event "IV Festival Terre degli Elimi A"]
[Site "Erice ITA"]
[Date "2013.07.28"]
[Round "7"]
[White "Spinella, Andrea"]
[Black "Pesiri, Rossano"]
[WhiteElo "1808"]
[BlackElo "1952"]
[Result "1-0"]
[PlyCount "59"]
[EventDate "2013.07.24"]

1. e4 c5 2. Nf3 g6 3. c3 Bg7 4. Bc4 Nc6 5. O-O d6 6. Re1 Nf6 7. h3 O-O 8. d3
Rb8 9. a4 a6 10. Nh2 b5 11. Ba2 b4 12. Nd2 bxc3 13. bxc3 Nh5 14. g4 Bxc3 15.
gxh5 Bxa1 16. hxg6 hxg6 17. Ng4 Ne5 18. Nh6+ Kg7 19. Nb3 Bc3 20. f4 Bxe1 21.
fxe5 Bc3 22. Qf3 Be6 23. d4 cxd4 24. Qf4 Rh8 25. Nc5 Bxa2 26. e6 f6 27. Nf5+
gxf5 28. Qg3+ Kf8 29. Qg6 Rh7 30. Bh6+ 1-0

[Event "IV Festival Terre degli Elimi A"]
[Site "Erice ITA"]
[Date "2013.07.28"]
[Round "7"]
[White "Tondo, Salvatore"]
[Black "Prinzivalli, Achille"]
[WhiteElo "1935"]
[BlackElo "1721"]
[Result "0-1"]
[PlyCount "94"]
[EventDate "2013.07.24"]

1. e4 c5 2. Nf3 Nc6 3. Bb5 e5 4. O-O Nge7 5. Re1 a6 6. Bf1 d6 7. a4 Ng6 8. c3
Bg4 9. d3 Be7 10. h3 Be6 11. Be3 f6 12. d4 cxd4 13. cxd4 d5 14. exd5 Bxd5 15.
Nc3 Bxf3 16. Qxf3 exd4 17. Rad1 O-O 18. Bc1 Nge5 19. Qg3 Bd6 20. Ne4 Bc7 21.
Nc5 Qd5 22. Ne4 Rac8 23. f4 Ng6 24. Qf3 Kh8 25. Qf2 Bb6 26. Bd3 Nb4 27. Bb1 Qc6
28. Kh1 Nc2 29. Bxc2 Qxc2 30. Qf3 Qc6 31. h4 Nxh4 32. Qh5 Nxg2 33. Kxg2 f5 34.
Kg3 fxe4 35. Rh1 h6 36. f5 e3 37. Qg4 Qd6+ 38. Kh3 Qc5 39. Rhg1 Qxf5 40. b4
Qxg4+ 41. Rxg4 Rc3 42. Kh2 Rf2+ 43. Kg1 Rcc2 44. a5 Ba7 45. Bxe3 dxe3 46. Rd8+
Kh7 47. Rd7 Rc1+ 0-1

[Event "IV Festival Terre degli Elimi A"]
[Site "Erice ITA"]
[Date "2013.07.28"]
[Round "7"]
[White "Van Den Berg, Bram"]
[Black "Stirpe, Claudio"]
[WhiteElo "2231"]
[BlackElo "2029"]
[Result "1/2-1/2"]
[PlyCount "27"]
[EventDate "2013.07.24"]

1. e4 c5 2. c3 Nf6 3. e5 Nd5 4. d4 cxd4 5. Nf3 Nc6 6. Bc4 Nb6 7. Bb3 d5 8. exd6
Qxd6 9. O-O Bf5 10. cxd4 e6 11. Nc3 Rd8 12. Be3 Be7 13. Qe2 O-O 14. Rfd1
1/2-1/2

[Event "V Festival Isola Verde A"]
[Site "Ischia ITA"]
[Date "2013.07.14"]
[Round "1"]
[White "Horvath, Csaba"]
[Black "Vetrov, Gleb"]
[WhiteElo "2520"]
[BlackElo "2170"]
[Result "1-0"]
[PlyCount "75"]
[EventDate "2013.07.14"]

1. d4 d5 2. c4 c6 3. Nf3 Nf6 4. g3 Bf5 5. Qb3 Qb6 6. c5 Qxb3 7. axb3 Na6 8. Bd2
Ne4 9. Ba5 b6 10. Bc3 Nc7 11. b4 f6 12. Bg2 bxc5 13. bxc5 Nb5 14. O-O e5 15. e3
Kd7 16. Rc1 Be7 17. b4 Rhb8 18. Be1 Kc7 19. Na3 Bg4 20. Nxb5+ Rxb5 21. dxe5
Bxf3 22. Bxf3 fxe5 23. Bxe4 dxe4 24. Rc4 a5 25. bxa5 Rxc5 26. Rxe4 Rb5 27. Kg2
Kb7 28. Bc3 Bd6 29. Rg4 g6 30. h4 Bc7 31. h5 gxh5 32. Rg7 h6 33. Rd1 Rc5 34.
Bb4 Rb5 35. Rdd7 Rxb4 36. Rxc7+ Ka6 37. Rxc6+ Kxa5 38. Rxh6 1-0

[Event "V Festival Isola Verde A"]
[Site "Ischia ITA"]
[Date "2013.07.18"]
[Round "4"]
[White "Naumkin, Igor"]
[Black "Kizov, Atanas"]
[WhiteElo "2443"]
[BlackElo "2408"]
[Result "1/2-1/2"]
[PlyCount "87"]
[EventDate "2013.07.14"]

1. d4 d5 2. c4 dxc4 3. e3 e5 4. Bxc4 exd4 5. exd4 Bd6 6. Nf3 Nf6 7. O-O O-O 8.
Nc3 Nc6 9. h3 h6 10. a3 Bf5 11. Re1 Re8 12. Rxe8+ Qxe8 13. Nb5 Qd7 14. Nxd6
cxd6 15. Bf4 Re8 16. Rc1 Be4 17. Nh2 Na5 18. Bf1 Nc6 19. b4 a6 20. Ng4 Nxg4 21.
hxg4 Ne7 22. Bg3 Nd5 23. Qb3 Nf6 24. f3 Bc6 25. Bd3 Ba4 26. Qa2 Bc6 27. Bf5 Qd8
28. Bh4 Qb6 29. Bxf6 gxf6 30. Qd2 Kg7 31. Kf2 Qb5 32. Rh1 Rh8 33. Qe3 Bd7 34.
Rh5 Bxf5 35. Rxf5 Qc4 36. Rh5 Qe6 37. Qf4 b5 38. d5 Qe7 39. Kg3 Rh7 40. Kh2 Rh8
41. Kh1 Qe1+ 42. Kh2 Qe7 43. Kg3 Qe1+ 44. Kh2 1/2-1/2

[Event "V Festival Isola Verde A"]
[Site "Ischia ITA"]
[Date "2013.07.16"]
[Round "5"]
[White "Auletta, Angelo"]
[Black "Andreoli, Mark"]
[WhiteElo "2196"]
[BlackElo "1969"]
[Result "1-0"]
[PlyCount "49"]
[EventDate "2013.07.14"]

1. e4 c5 2. Nf3 d6 3. d4 cxd4 4. Nxd4 Nf6 5. Nc3 g6 6. Be3 Bg7 7. f3 O-O 8. Qd2
Nc6 9. O-O-O d5 10. exd5 Nxd5 11. Nxc6 bxc6 12. Bd4 e5 13. Bc5 Be6 14. Ne4 Rb8
15. h4 f5 16. Ng5 e4 17. c3 Qa5 18. Nxe6 Bxc3 19. bxc3 Nxc3 20. Bc4 Rb1+ 21.
Kc2 Qa4+ 22. Bb3 Rxb3 23. axb3 Qa2+ 24. Kxc3 Qa5+ 25. Kb2 1-0

[Event "V Festival Isola Verde A"]
[Site "Ischia ITA"]
[Date "2013.07.16"]
[Round "5"]
[White "Calabrese, Claudio"]
[Black "Naumkin, Igor"]
[WhiteElo "2016"]
[BlackElo "2443"]
[Result "1/2-1/2"]
[PlyCount "37"]
[EventDate "2013.07.14"]

1. d4 Nf6 2. c4 e6 3. Nf3 b6 4. g3 Bb7 5. Bg2 Be7 6. O-O O-O 7. Nc3 Ne4 8. Nxe4
Bxe4 9. Ne1 d5 10. cxd5 exd5 11. Bf4 Bxg2 12. Kxg2 Nd7 13. Nf3 c5 14. dxc5 Nxc5
15. Be5 Qd7 16. Rc1 Rac8 17. Bd4 Ne4 18. Qd3 h5 19. Rfd1 1/2-1/2

[Event "V Festival Isola Verde A"]
[Site "Ischia ITA"]
[Date "2013.07.19"]
[Round "6"]
[White "Georgiev, Vladimir"]
[Black "Naumkin, Igor"]
[WhiteElo "2544"]
[BlackElo "2443"]
[Result "1-0"]
[PlyCount "61"]
[EventDate "2013.07.14"]

1. d4 Nf6 2. c4 e6 3. Nc3 Bb4 4. e3 c5 5. Bd3 O-O 6. Nge2 d5 7. cxd5 exd5 8.
O-O cxd4 9. exd4 Nc6 10. Bg5 Be7 11. Rc1 h6 12. Be3 a6 13. h3 Be6 14. Nf4 Bd6
15. Bb1 Qd7 16. Nxe6 Qxe6 17. Qf3 Qd7 18. Bxh6 Nxd4 19. Qd3 Ne6 20. Nxd5 Bh2+
21. Kxh2 Qxd5 22. Qxd5 Nxd5 23. Bd2 Rac8 24. Be4 Rxc1 25. Rxc1 Rd8 26. Ba5 b6
27. Bxd5 Rxd5 28. Bxb6 Rb5 29. Rc6 Rxb2 30. a4 Ra2 31. a5 1-0

[Event "V Festival Isola Verde A"]
[Site "Ischia ITA"]
[Date "2013.07.20"]
[Round "7"]
[White "Horvath, Csaba"]
[Black "Meijers, Viesturs"]
[WhiteElo "2520"]
[BlackElo "2470"]
[Result "1-0"]
[PlyCount "45"]
[EventDate "2013.07.14"]

1. Nf3 Nf6 2. c4 e6 3. g3 d5 4. Bg2 dxc4 5. Qa4+ Nbd7 6. Qxc4 a6 7. Qc2 c5 8.
Nc3 Qc7 9. d4 cxd4 10. Nxd4 Nb6 11. O-O e5 12. Ne4 Nfd5 13. Qxc7 Nxc7 14. Nb3
Nbd5 15. Nec5 Rb8 16. Rd1 Nb4 17. Bd2 Nc6 18. Rac1 f6 19. Nxb7 Bxb7 20. Bxc6+
Bxc6 21. Rxc6 Kd7 22. Na5 Rb5 23. Be1+ 1-0

[Event "V Festival Isola Verde A"]
[Site "Ischia ITA"]
[Date "2013.07.21"]
[Round "8"]
[White "Georgiev, Vladimir"]
[Black "Kazantsev, Nikita"]
[WhiteElo "2544"]
[BlackElo "1951"]
[Result "1-0"]
[PlyCount "61"]
[EventDate "2013.07.14"]

1. d4 Nf6 2. c4 g6 3. Nc3 Bg7 4. e4 O-O 5. Nf3 d6 6. h3 c5 7. d5 e6 8. Bd3 exd5
9. exd5 Re8+ 10. Be3 Nh5 11. O-O h6 12. Qd2 Kh7 13. g4 Nf6 14. Bf4 h5 15. Ng5+
Kg8 16. f3 a6 17. a4 Nh7 18. Rae1 Bd7 19. gxh5 Nxg5 20. Bxg5 f6 21. Bf4 g5 22.
Rxe8+ Bxe8 23. Bg3 Bxh5 24. Ne4 b5 25. Nxd6 bxc4 26. Bf5 Nd7 27. Be6+ Kh8 28.
h4 gxh4 29. Qh2 f5 30. Bxh4 Be5 31. Bg3 1-0

[Event "XXIV Festival A"]
[Site "Porto San Giorgio ITA"]
[Date "2013.08.21"]
[Round "1"]
[White "Baburin, Alexander E."]
[Black "Zamengo, Fulvio"]
[WhiteElo "2520"]
[BlackElo "2107"]
[Result "1/2-1/2"]
[PlyCount "106"]
[EventDate "2013.08.21"]

1. d4 Nf6 2. c4 c5 3. d5 b5 4. cxb5 a6 5. bxa6 Bxa6 6. g3 d6 7. Bg2 g6 8. b3
Bg7 9. Bb2 O-O 10. Nh3 Nbd7 11. O-O Qb6 12. Nc3 c4 13. Na4 Qb7 14. Rb1 cxb3 15.
axb3 Rab8 16. Bd4 Rfc8 17. Nf4 Qb4 18. Bh3 Rc7 19. Ba1 Ne4 20. Bxg7 Kxg7 21.
Bxd7 Rxd7 22. Rb2 Rc7 23. Qa1 Kg8 24. Rc1 Rbc8 25. Rxc7 Rxc7 26. Qd1 Bb5 27.
Ra2 Ra7 28. Ra1 Bxa4 29. bxa4 Nc5 30. Nd3 Nxd3 31. exd3 Ra5 32. Qe2 Rxa4 33.
Rxa4 Qxa4 34. Qxe7 Qd1+ 35. Kg2 Qxd3 36. Qxd6 Qe4+ 37. Kg1 Qe1+ 38. Kg2 Qe4+
39. Kf1 Qc4+ 40. Kg1 Qe4 41. Qb8+ Kg7 42. Qb2+ Kg8 43. d6 Qd5 44. Qb8+ Kg7 45.
Qb2+ Kg8 46. Qf6 Qd1+ 47. Kg2 Qd5+ 48. f3 Qd2+ 49. Kh3 Qd3 50. Kh4 h6 51. g4
Qe2 52. Kg3 Qe1+ 53. Kg2 Qe2+ 1/2-1/2

[Event "XXIV Festival A"]
[Site "Porto San Giorgio ITA"]
[Date "2013.08.21"]
[Round "1"]
[White "Barlocco, Carlo"]
[Black "Martinez, Rolly"]
[WhiteElo "2093"]
[BlackElo "2451"]
[Result "1-0"]
[PlyCount "71"]
[EventDate "2013.08.21"]

1. e4 c5 2. g3 Nc6 3. Bg2 g6 4. f4 Bg7 5. d3 d6 6. Nf3 Rb8 7. a4 Nf6 8. c3 a6
9. Na3 O-O 10. O-O b5 11. axb5 axb5 12. Nc2 b4 13. Ne3 Ng4 14. d4 bxc3 15. bxc3
cxd4 16. cxd4 Nxe3 17. Bxe3 d5 18. e5 f6 19. Nd2 Rb4 20. Ra4 fxe5 21. Rxb4 Nxb4
22. fxe5 Rxf1+ 23. Bxf1 Bf5 24. Qa4 Nc2 25. Qb3 h6 26. Nf3 Qa5 27. Bd2 Nxd4 28.
Qb8+ Kh7 29. Bxa5 Nxf3+ 30. Kf2 Nxe5 31. h3 d4 32. g4 Be4 33. Bc7 Nc6 34. Qe8
d3 35. Bxd3 Bxd3 36. Qxc6 1-0

[Event "XXIV Festival A"]
[Site "Porto San Giorgio ITA"]
[Date "2013.08.21"]
[Round "1"]
[White "Bruno, Fabio"]
[Black "Suppa, Ercole"]
[WhiteElo "2421"]
[BlackElo "2067"]
[Result "1-0"]
[PlyCount "55"]
[EventDate "2013.08.21"]

1. Nf3 Nf6 2. c4 g6 3. Nc3 Bg7 4. g3 b6 5. Bg2 Bb7 6. O-O O-O 7. Re1 d6 8. e4
Nbd7 9. d4 e6 10. d5 e5 11. Rb1 a5 12. a3 Ba6 13. Bf1 Kh8 14. b4 axb4 15. axb4
Ng8 16. h4 h5 17. Ng5 Bc8 18. Be3 Ndf6 19. f3 Nh7 20. Qd2 Qe7 21. Ra1 Rxa1 22.
Rxa1 Nxg5 23. hxg5 f6 24. gxf6 Bxf6 25. Ra7 Qd8 26. Nb5 Bd7 27. Nxc7 Qb8 28.
Ra8 1-0

[Event "XXIV Festival A"]
[Site "Porto San Giorgio ITA"]
[Date "2013.08.21"]
[Round "1"]
[White "Calandri, Fausto"]
[Black "Mchedlishvili, Mikheil"]
[WhiteElo "2117"]
[BlackElo "2633"]
[Result "0-1"]
[PlyCount "46"]
[EventDate "2013.08.21"]

1. e4 c5 2. Nf3 e6 3. d4 cxd4 4. Nxd4 a6 5. Nc3 Qc7 6. Be3 Bb4 7. Qd3 Nf6 8.
Bd2 O-O 9. Be2 Nc6 10. Nxc6 bxc6 11. a3 Be7 12. O-O d5 13. Qf3 Bd6 14. h3 Bb7
15. Rfe1 d4 16. Na4 c5 17. Bc4 Kh8 18. Bd3 c4 19. Bxc4 Qxc4 20. Nb6 Qxc2 21.
Nxa8 Bxe4 22. Rxe4 Nxe4 23. Bf4 Bxf4 0-1

[Event "XXIV Festival A"]
[Site "Porto San Giorgio ITA"]
[Date "2013.08.21"]
[Round "1"]
[White "Facchetti, Gianni"]
[Black "Romanishin, Oleg M."]
[WhiteElo "2095"]
[BlackElo "2494"]
[Result "0-1"]
[PlyCount "102"]
[EventDate "2013.08.21"]

1. e4 c5 2. Nf3 e6 3. c3 Qa5 4. d3 Nc6 5. Be2 Nf6 6. Nbd2 d6 7. O-O Be7 8. Re1
O-O 9. Qc2 Bd7 10. Nf1 Rac8 11. Bf4 e5 12. Bd2 Qd8 13. Ng3 Re8 14. Rad1 h6 15.
Nh4 Nxe4 16. Nxe4 Bxh4 17. Nxd6 Bxf2+ 18. Kxf2 Qf6+ 19. Kg1 Qxd6 20. Bf3 Bf5
21. Be4 Qe6 22. Qa4 Bxe4 23. dxe4 Red8 24. Be3 b6 25. h3 Na5 26. b3 Nc6 27. Qa6
Rc7 28. Rxd8+ Nxd8 29. Qe2 Rd7 30. Rd1 Nc6 31. Rd3 Kh7 32. Qd1 Rxd3 33. Qxd3
Ne7 34. Qd8 Ng8 35. Qd5 Nf6 36. Qa8 Qd7 37. Bf2 Qd1+ 38. Kh2 Qe2 39. Bg3 Nxe4
40. Bxe5 Nd2 41. Bb8 h5 42. Qd5 Nf1+ 43. Kg1 Ne3 44. Qg5 f6 45. Qg3 Qd1+ 46.
Kf2 Nc2 47. Qf4 Qe1+ 48. Kf3 Qxc3+ 49. Ke4 Qe1+ 50. Kd5 Nb4+ 51. Kd6 Qd1+ 0-1

[Event "XXIV Festival A"]
[Site "Porto San Giorgio ITA"]
[Date "2013.08.21"]
[Round "1"]
[White "Faccia, Sergio"]
[Black "Valsecchi, Alessio"]
[WhiteElo "2054"]
[BlackElo "2412"]
[Result "0-1"]
[PlyCount "62"]
[EventDate "2013.08.21"]

1. e4 c6 2. d4 d5 3. exd5 cxd5 4. c4 Nf6 5. Nc3 e6 6. c5 Be7 7. Bb5+ Bd7 8. a4
b6 9. Bf4 bxc5 10. Nf3 a6 11. Bd3 cxd4 12. Nxd4 Qb6 13. Nde2 Nc6 14. O-O e5 15.
Bg5 Be6 16. Bc2 Rd8 17. Kh1 d4 18. a5 Nxa5 19. Na4 Qd6 20. Bxf6 Bxf6 21. Bd3
O-O 22. Ng3 Qb4 23. Ne4 Be7 24. Qh5 f5 25. Ng3 g6 26. Qh6 Rd6 27. Rfc1 Nb3 28.
Rc7 Rf7 29. h4 Bf8 30. Qg5 Rxc7 31. h5 Qd2 0-1

[Event "XXIV Festival A"]
[Site "Porto San Giorgio ITA"]
[Date "2013.08.21"]
[Round "1"]
[White "Petkov, Vladimir"]
[Black "Albertini, Luca"]
[WhiteElo "2552"]
[BlackElo "2116"]
[Result "1-0"]
[PlyCount "83"]
[EventDate "2013.08.21"]

1. d4 d5 2. c4 c6 3. Nf3 Nf6 4. Nc3 e6 5. g3 Nbd7 6. Qd3 Bd6 7. Bg2 O-O 8. O-O
b6 9. e4 dxe4 10. Nxe4 Nxe4 11. Qxe4 Bb7 12. b3 Nf6 13. Qc2 c5 14. Bb2 cxd4 15.
Bxd4 Bxf3 16. Bxf3 Rc8 17. Rfd1 Qe7 18. Rd3 Bc5 19. Be5 Nd7 20. Bc3 Rfd8 21.
Rad1 Nf8 22. h4 Rxd3 23. Rxd3 Qc7 24. Kg2 a5 25. Qd2 Qe7 26. Be5 Qa7 27. h5 f6
28. Bb2 Rc7 29. h6 Bb4 30. Qf4 Ng6 31. Qe4 Re7 32. Bg4 Nf8 33. Rd8 Kf7 34. hxg7
Kxg7 35. Bxf6+ Kxf6 36. Qf4+ Kg7 37. Qxf8+ Kg6 38. Rd4 Rg7 39. Bh5+ Kxh5 40.
Rh4+ Kg6 41. Rg4+ Kh6 42. Qf6+ 1-0

[Event "XXIV Festival A"]
[Site "Porto San Giorgio ITA"]
[Date "2013.08.21"]
[Round "1"]
[White "Stella, Andrea"]
[Black "Marsili, Riccardo"]
[WhiteElo "2447"]
[BlackElo "2090"]
[Result "1-0"]
[PlyCount "105"]
[EventDate "2013.08.21"]

1. Nf3 Nf6 2. c4 e6 3. g3 b6 4. Bg2 Bb7 5. O-O Be7 6. d4 O-O 7. Re1 c5 8. d5
exd5 9. Nh4 Re8 10. cxd5 d6 11. Nc3 a6 12. a4 Nbd7 13. Nf5 Bf8 14. e4 c4 15.
Ne3 Rc8 16. f3 Nc5 17. Bf1 Nb3 18. Rb1 Na5 19. Bd2 g6 20. Ne2 Nb3 21. Bc3 b5
22. axb5 axb5 23. Nd4 Nxd4 24. Qxd4 Bg7 25. Ng4 Nh5 26. Qa7 Qc7 27. Bxg7 Kxg7
28. Qd4+ f6 29. Ne3 Qc5 30. Qxc5 Rxc5 31. b3 cxb3 32. Rxb3 f5 33. Rxb5 Rxb5 34.
Bxb5 Re7 35. Bc6 fxe4 36. Nc4 Rc7 37. Na5 Bxc6 38. dxc6 exf3 39. Rb1 Nf6 40.
Kf2 Kf7 41. Kxf3 d5 42. Rb7 Ne8 43. Ke3 Ke6 44. Kd4 Kd6 45. Rb8 Nf6 46. Rd8+
Ke7 47. Ra8 Kd6 48. Ra6 Ne4 49. Nb7+ Ke6 50. Nc5+ Nxc5 51. Kxc5 d4 52. Ra1 h6
53. Re1+ 1-0

[Event "XXIV Festival A"]
[Site "Porto San Giorgio ITA"]
[Date "2013.08.22"]
[Round "2"]
[White "Amato, Andrea"]
[Black "Petkov, Vladimir"]
[WhiteElo "2291"]
[BlackElo "2552"]
[Result "0-1"]
[PlyCount "98"]
[EventDate "2013.08.21"]

1. c4 e5 2. g3 Nf6 3. Bg2 c6 4. d4 exd4 5. Qxd4 Na6 6. Nh3 Bb4+ 7. Bd2 O-O 8.
Bxb4 Nxb4 9. Qd2 a5 10. Nf4 Re8 11. Nc3 d6 12. O-O Be6 13. b3 Qc7 14. Rac1 Bf5
15. f3 Rad8 16. e4 Bc8 17. Rfd1 Na6 18. Qf2 Nd7 19. a3 Ne5 20. Nb5 cxb5 21.
cxb5 Nc5 22. b4 axb4 23. axb4 b6 24. Nd5 Qb8 25. bxc5 dxc5 26. f4 Ng4 27. Qf3
Be6 28. Nc3 f6 29. e5 Nh6 30. exf6 gxf6 31. Ne4 Kg7 32. Qc3 Ng8 33. Qf3 Rxd1+
34. Rxd1 Rd8 35. Re1 Bf5 36. Nf2 Qd6 37. g4 Bg6 38. h4 h6 39. Rd1 Qe7 40. Ra1
Be8 41. Bf1 Rd4 42. Ra6 Qc7 43. Qe3 Bf7 44. f5 Ne7 45. Qa3 Nd5 46. Ra4 Rxa4 47.
Qxa4 Nc3 48. Qc2 Qg3+ 49. Bg2 Bd5 0-1

[Event "XXIV Festival A"]
[Site "Porto San Giorgio ITA"]
[Date "2013.08.22"]
[Round "2"]
[White "Dvirnyy, Danyyil"]
[Black "Valenti, Giuseppe"]
[WhiteElo "2549"]
[BlackElo "2185"]
[Result "1-0"]
[PlyCount "62"]
[EventDate "2013.08.21"]

1. c4 e6 2. g3 Nf6 3. Bg2 d5 4. Nf3 c6 5. b3 Nbd7 6. Bb2 Bd6 7. O-O O-O 8. Nc3
Qe7 9. Qc2 dxc4 10. bxc4 e5 11. e3 Nb6 12. Ne2 Re8 13. c5 Bxc5 14. Nxe5 Nbd5
15. a3 Bd6 16. Nc4 Bc7 17. d3 Nb6 18. Nd2 Nbd5 19. e4 Nb6 20. d4 Bd7 21. Nc3
Be6 22. e5 Nfd5 23. Nce4 Rad8 24. Rae1 Qf8 25. Ng5 g6 26. Nxe6 Rxe6 27. Ne4 Bb8
28. f4 f5 29. exf6 Nxf6 30. Nxf6+ Rxf6 31. d5 Nd7 1-0

[Event "XXIV Festival A"]
[Site "Porto San Giorgio ITA"]
[Date "2013.08.22"]
[Round "2"]
[White "Eggleston, David J."]
[Black "Lantini, Marco"]
[WhiteElo "2363"]
[BlackElo "2119"]
[Result "1-0"]
[PlyCount "55"]
[EventDate "2013.08.21"]

1. e4 e5 2. Nf3 Nc6 3. Bc4 Bc5 4. c3 Nf6 5. d3 a6 6. Bb3 Ba7 7. O-O d6 8. h3 h6
9. d4 O-O 10. Re1 Re8 11. Bc2 b5 12. a4 exd4 13. cxd4 Nb4 14. axb5 axb5 15. Nc3
Nxc2 16. Qxc2 Bd7 17. b4 c5 18. bxc5 dxc5 19. d5 b4 20. Nd1 Bb5 21. Rb1 Bb6 22.
Bb2 c4 23. Bxf6 b3 24. Rxb3 cxb3 25. Qxb3 Qd7 26. Ne5 Qb7 27. Qg3 g6 28. Nxg6
1-0

[Event "XXIV Festival A"]
[Site "Porto San Giorgio ITA"]
[Date "2013.08.22"]
[Round "2"]
[White "Mchedlishvili, Mikheil"]
[Black "Paci, Daniele"]
[WhiteElo "2633"]
[BlackElo "2232"]
[Result "1-0"]
[PlyCount "71"]
[EventDate "2013.08.21"]

1. d4 c6 2. e4 Na6 3. Nf3 g6 4. Nc3 Nc7 5. Be3 d5 6. Bd3 Bg4 7. h3 Bxf3 8. Qxf3
e6 9. O-O Bg7 10. Rad1 Nh6 11. Bf4 O-O 12. Qg3 Ne8 13. Bg5 f6 14. Bc1 f5 15. e5
c5 16. dxc5 Qc7 17. Nb5 Qxc5 18. Be3 Qb4 19. a3 Qe7 20. c4 Nf7 21. cxd5 a6 22.
Nd4 Bxe5 23. f4 Bxd4 24. Bxd4 Nc7 25. dxe6 Qxe6 26. Rfe1 Qc6 27. Bxf5 Rfe8 28.
Bb1 Nb5 29. Bf2 Qf6 30. f5 g5 31. a4 Rxe1+ 32. Bxe1 Nbd6 33. Bc3 Qe7 34. Re1
Qd7 35. Ba2 h6 36. Qe5 1-0

[Event "XXIV Festival A"]
[Site "Porto San Giorgio ITA"]
[Date "2013.08.22"]
[Round "2"]
[White "Moroni, Luca jr"]
[Black "Stella, Andrea"]
[WhiteElo "2211"]
[BlackElo "2447"]
[Result "1/2-1/2"]
[PlyCount "85"]
[EventDate "2013.08.21"]

1. Nf3 c5 2. c4 Nc6 3. d4 cxd4 4. Nxd4 e5 5. Nb5 a6 6. Nd6+ Bxd6 7. Qxd6 Qf6 8.
Qxf6 Nxf6 9. Bd2 d5 10. cxd5 Nxd5 11. Nc3 Be6 12. Nxd5 Bxd5 13. e3 O-O 14. f3
a5 15. a3 Rfd8 16. Bb5 f6 17. Bxc6 Bxc6 18. Bc3 Ba4 19. Kf2 Rd5 20. e4 Rc5 21.
Rhc1 Rac8 22. Bd2 Rc2 23. Kf1 Bb5+ 24. Kg1 a4 25. Rxc2 Rxc2 26. Bc3 Be2 27. Re1
Kf7 28. Kf2 Bc4+ 29. Kg3 Bb3 30. Re3 Bc4 31. Re1 g5 32. Rd1 h5 33. h4 gxh4+ 34.
Kh2 Be6 35. Rd2 Rc1 36. Rf2 Bc4 37. f4 Rf1 38. Rxf1 Bxf1 39. fxe5 fxe5 40. Bxe5
Bd3 41. Kh3 Bxe4 42. Kxh4 Bxg2 43. Kxh5 1/2-1/2

[Event "XXIV Festival A"]
[Site "Porto San Giorgio ITA"]
[Date "2013.08.22"]
[Round "2"]
[White "Paltrinieri, Nicholas"]
[Black "Aleksic, Nenad"]
[WhiteElo "2177"]
[BlackElo "2357"]
[Result "1/2-1/2"]
[PlyCount "43"]
[EventDate "2013.08.21"]

1. d4 Nf6 2. Bg5 b6 3. Nd2 Bb7 4. Ngf3 e6 5. e4 h6 6. Bxf6 Qxf6 7. Bd3 g6 8.
O-O Bg7 9. a4 a5 10. Re1 O-O 11. e5 Qe7 12. Be4 Bxe4 13. Nxe4 d5 14. exd6 cxd6
15. c4 Na6 16. Qd2 Nb4 17. Rac1 Rfd8 18. h3 Rac8 19. b3 Qd7 20. Nc3 Kh7 21. Nb5
Qb7 22. Qe3 1/2-1/2

[Event "XXIV Festival A"]
[Site "Porto San Giorgio ITA"]
[Date "2013.08.22"]
[Round "2"]
[White "Pescatore, Lorenzo"]
[Black "Bruno, Fabio"]
[WhiteElo "2210"]
[BlackElo "2421"]
[Result "1/2-1/2"]
[PlyCount "91"]
[EventDate "2013.08.21"]

1. e4 c5 2. Nf3 e6 3. c3 Nf6 4. e5 Nd5 5. d4 cxd4 6. cxd4 b6 7. Nc3 Bb7 8. Bd3
Be7 9. O-O O-O 10. Ne4 Nc6 11. Nfg5 h6 12. Qh5 f5 13. exf6 Nxf6 14. Nxf6+ Rxf6
15. Nh7 Nxd4 16. Nxf6+ Bxf6 17. Qg6 Qe8 18. Qh7+ Kf8 19. Bg6 Qc8 20. Bxh6 Qc4
21. Bd3 Ne2+ 22. Bxe2 Qxe2 23. Bf4 Qg4 24. Bg3 Bxb2 25. Rad1 Bc6 26. Rxd7 Bxd7
27. Qh8+ Kf7 28. Qxa8 Qa4 29. Qf3+ Bf6 30. Rd1 Bc6 31. Qb3 Qxb3 32. axb3 Bd5
33. b4 a5 34. bxa5 bxa5 35. Bd6 a4 36. Ba3 g5 37. f3 Be5 38. Kf2 Kg6 39. g3 Bc7
40. Bc5 Be5 41. Ba3 Bc7 42. Rc1 Bb6+ 43. Bc5 Ba5 44. Ke3 Bd8 45. Ba3 Bb6+ 46.
Bc5 1/2-1/2